000 00655nam a2200205Ia 4500
005 20250508164518.0
008 008 250505s9999 xx 000 0 eng d
037 _aTextual
040 _aFEDL
_beng
_cFEDL
041 _aeng
_2eng
084 _a331.255, ALK
_qFEDL
100 _aAlkazi Feisal (et al.)
_9778331
245 0 _aDanger within : An activity book for students on occupational health hazards
260 _aNew Delhi, India
_bSociety for Participatory Research in Asia
_c1995
300 _a106p.
546 _aMACESE
650 _aOccupational Hazards
_9778332
942 _cTEXL
_h331.255, ALK
999 _c1389500
_d1389500